Manual de diseño y construcción de túneles
Presenta la construcción de túneles en suelos se desarrolló esencialmente como arte de los ingenieros con experiencia, en las que las decisiones se toman después del reconocimiento visual del frente sin juzgar la magnitud de los asentamientos inducidos; la estrategia del sitio y las propiedades...
| Main Author: | |
|---|---|
| Other Authors: | |
| Format: | Tesis Section = Libro |
| Language: | Undetermined Spanish |
| Published: |
México
UNI
1985
|
| Subjects: |
| LEADER | 00961nam a2200229Ia 4500 | ||
|---|---|---|---|
| 008 | 240830s9999 xx 000 0 und d | ||
| 040 | |a BIBLIOTECA-RUSB/ Mon 624.19 G342 | ||
| 041 | |a spa | ||
| 082 | |a Mon 624.19 G342 | ||
| 100 | 1 | |a México. TGC, Geotecnia S.A. | |
| 245 | 1 | 0 | |a Manual de diseño y construcción de túneles |
| 260 | |a México |b UNI |c 1985 | ||
| 300 | |a p. irreg. :il. | ||
| 500 | |a Informe: IC-TGC-29. | ||
| 502 | |a Tesis (Otros) - UNI, 1985. | ||
| 520 | 3 | |a Presenta la construcción de túneles en suelos se desarrolló esencialmente como arte de los ingenieros con experiencia, en las que las decisiones se toman después del reconocimiento visual del frente sin juzgar la magnitud de los asentamientos inducidos; la estrategia del sitio y las propiedades mecánicas de los suelos solo servían de indicador. | |
| 650 | 7 | |a TUNELES | |
| 650 | 7 | |b construcción I | |
| 700 | 1 | |a Tutor: | |
| 942 | |c BK |2 ddc | ||
| 991 | |a TESIS | ||
| 999 | |c 20378 | ||